जिसका अन्त नहीं: (Record no. 205664)

MARC details
000 -LEADER
fixed length control field 00841nam a22001937a 4500
005 - DATE AND TIME OF LATEST TRANSACTION
control field 20240927172127.0
010 ## - LCCN (DPL NO)
LC control number HIN-128373
020 ## - INTERNATIONAL STANDARD BOOK NUMBER
Terms of availability 299.00
International Standard Book Number 9789355181817
035 ## - SYSTEM CONTROL NUMBER
System control number HN-100719
037 ## - SOURCE OF ACQUISITION
Source of stock number/acquisition DBAD
082 ## - DEWEY DECIMAL CLASSIFICATION NUMBER
Classification number
100 ## - MAIN ENTRY--PERSONAL NAME
Personal name दानी, राजेन्द्र
245 ## - TITLE STATEMENT
Title जिसका अन्त नहीं:
Remainder of title राजनीतिक शोषण का बखान करता उपन्यास/
Statement of responsibility, etc राजेन्द्र दानी
250 ## - EDITION STATEMENT
Edition statement 1
260 ## - PUBLICATION, DISTRIBUTION, ETC. (IMPRINT)
Place of publication, distribution, etc नई दिल्ली
Name of publisher, distributor, etc वाणी प्रकाशन
Date of publication, distribution, etc 2022
270 ## - ADDRESS
Address 4695,21-ए, दरियागंज
City नयी दिल्ली
Postal code 110002
Telephone number 911123273167
Electronic mail address sales@vaniprakashan.in
300 ## - PHYSICAL DESCRIPTION
Extent 136 पृ.
Dimensions 20 सेमी (आजिल्द)
942 ## - ADDED ENTRY ELEMENTS (KOHA)
Source of classification or shelving scheme Dewey Decimal Classification
Item type Hindi Books
Classification part
Call number suffix दानीरा
Holdings
Withdrawn status Lost status Not for loan Collection code Home library Current library Date acquired Source of acquisition Cost, normal purchase price Full call number Barcode Copy number Cost, replacement price Koha item type
      Fiction Shahdara Branch Shahdara Branch 06/09/2024 DBAD 299.00 उ दानीरा HN-100719 1 299.00 Hindi Books

© Delhi Public Library
Hit Counter
free hit counter